[Event "Turkish Super League 2019"]
[Site "Konya"]
[Date "2019.07.21"]
[Round "6"]
[White "Demircioglu, Emre"]
[Black "Secer, Ata"]
[Result "1/2-1/2"]
[WhiteElo "2242"]
[BlackElo "2324"]
[Annotator "NA"]
[PlyCount "79"]
[EventDate "2019.07.17"]
[EventType "team-tourn"]
[EventCountry "TUR"]
[SourceTitle "playchess.com"]
[Source "ChessBase"]
[SourceQuality "1"]
[TimeControl "40/5400+30:1800+30"]

1. d4 {[%emt 0:01:30]} d5 {[%emt 0:00:30]} 2. c4 {[%emt 0:00:30]} c6 {[%emt 0:00:00]} 3. Nf3 {[%emt 0:00:30]} Nf6 {[%emt 0:00:00]} 4. e3 {[%emt 0:02:30]} a6 {[%emt 0:00:30]} 5. Nc3 {[%emt 0:00:30]} b5 {[%emt 0:03:30]} 6. c5 {[%emt 0:01:30]} g6 {[%emt 0:00:00]} 7. Ne5 {[%emt 0:00:30]} Bg7 {[%emt 0:00:00]} 8. f4 {[%emt 0:01:30]} O-O {[%emt 0:00:30]} 9. Be2 {[%emt 0:00:30]} Nfd7 {[%emt 0:00:30]} 10. Nd3 {[%emt 0:01:30]} a5 {[%emt 0:01:30]} 11. O-O {[%emt 0:01:30]} Nf6 {[%emt 0:00:30]} 12. Bf3 {[%emt 0:10:30]} b4 {[%emt 0:07:30]} 13. Na4 {[%emt 0:01:30]} Nbd7 {[%emt 0:00:30]} 14. Nf2 {[%emt 0:08:30]} Ba6 {[%emt 0:03:30]} 15. Re1 {[%emt 0:00:30]} Qb8 {[%emt 0:02:30]} 16. Bd2 {[%emt 0:01:30]} Bb5 {[%emt 0:02:30]} 17. a3 {[%emt 0:05:30]} bxa3 {[%emt 0:02:30]} 18. bxa3 {[%emt 0:01:30]} Qc7 {[%emt 0:01:30]} 19. Rb1 {[%emt 0:09:30]} Rfb8 {[%emt 0:00:30]} 20. Qc2 {[%emt 0:01:30]} Ne8 {[%emt 0:04:30]} 21. Nc3 {[%emt 0:12:30]} Bc4 {[%emt 0:00:30]} 22. Be2 {[%emt 0:00:30]} Bxe2 {[%emt 0:01:30]} 23. Nxe2 {[%emt 0:00:30]} e6 {[%emt 0:01:30]} 24. Rxb8 {[%emt 0:04:30]} Rxb8 {[%emt 0:00:30]} 25. Rb1 {[%emt 0:00:30]} Rxb1+ {[%emt 0:03:30]} 26. Qxb1 {[%emt 0:00:30]} Bf6 {[%emt 0:03:30]} 27. a4 {[%emt 0:03:30]} Bd8 {[%emt 0:01:30]} 28. Nc1 {[%emt 0:00:30]} f6 {[%emt 0:04:30]} 29. Nb3 {[%emt 0:00:30]} Qa7 {[%emt 0:00:30]} 30. Qc2 {[%emt 0:13:36]} e5 {[%emt 0:03:30]} 31. Nd3 {[%emt 0:00:22]} exd4 {[%emt 0:03:30]} 32. exd4 {[%emt 0:00:38]} Qa6 {[%emt 0:03:30]} 33. Ndc1 {[%emt 0:00:28]} Ng7 {[%emt 0:04:30]} 34. Qd3 {[%emt 0:01:09]} Qa7 {[%emt 0:01:30]} 35. Ne2 {[%emt 0:03:02]} f5 {[%emt 0:00:30]} 36. g3 {[%emt 0:04:17]} Nf6 {[%emt 0:01:30]} 37. Kg2 {[%emt 0:00:07]} Ne6 {[%emt 0:00:30]} 38. Ng1 {[%emt 0:00:28]} Nf8 {[%emt 0:12:30]} 39. Nf3 {[%emt 0:00:38]} N8d7 {[%emt 0:00:30]} 40. Be1 {[%emt 0:00:00]} 1/2-1/2

[Event "Turkish Super League 2019"]
[Site "Konya"]
[Date "2019.07.21"]
[Round "6"]
[White "Akdogan, Alperen"]
[Black "Dolgun, Can"]
[Result "1-0"]
[WhiteElo "2193"]
[BlackElo "2064"]
[Annotator "NA"]
[PlyCount "77"]
[EventDate "2019.07.17"]
[EventType "team-tourn"]
[EventCountry "TUR"]
[SourceTitle "playchess.com"]
[Source "ChessBase"]
[SourceQuality "1"]
[TimeControl "40/5400+30:1800+30"]

1. d4 Nf6 2. Nf3 g6 3. c4 Bg7 4. Nc3 O-O 5. e4 d6 6. h3 e5 7. d5 Nh5 8. g3 a5 9. Be2 Na6 10. Nh2 f5 11. exf5 Rxf5 12. Be3 Rf8 13. Nf3 Nf6 14. g4 Nc5 15. Qc2 Qe7 16. O-O-O Nfd7 17. Nd2 c6 18. f3 Rf4 19. h4 Na6 20. Nde4 Ndc5 21. Qd2 Nxe4 22. Nxe4 c5 23. Bxf4 exf4 24. Qxf4 Be5 25. Qg5 Qf8 26. Kb1 Bd7 27. h5 Be8 28. a3 b6 29. hxg6 Bxg6 30. Bd3 Ra7 31. f4 Rg7 32. fxe5 Bxe4 33. Qh6 Bxh1 34. Rxh1 Qe7 35. exd6 Qf7 36. Bf5 Kf8 {[%emt 1:47:27]} 37. d7 {[%emt 1:47:12]} Qe7 {[%emt 0:00:30]} 38. Be6 {[%emt 0:00:30]} Qd6 {[%emt 0:00:30]} 39. Qf6+ {[%emt 0:00:08]} 1-0

[Event "Turkish Super League 2019"]
[Site "Konya"]
[Date "2019.07.21"]
[Round "6"]
[White "Karagollu, Ahmet"]
[Black "Caglar, Ahmet Ata"]
[Result "1-0"]
[WhiteElo "2135"]
[BlackElo "2051"]
[Annotator "NA"]
[PlyCount "59"]
[EventDate "2019.07.17"]
[EventType "team-tourn"]
[EventCountry "TUR"]
[SourceTitle "playchess.com"]
[Source "ChessBase"]
[SourceQuality "1"]
[TimeControl "40/5400+30:1800+30"]

1. e4 {[%emt 0:00:30]} c5 {[%emt 0:00:30]} 2. Nf3 {[%emt 0:00:30]} Nc6 {[%emt 0:00:30]} 3. Bb5 {[%emt 0:00:00]} g6 {[%emt 0:00:30]} 4. O-O {[%emt 0:00:00]} Bg7 {[%emt 0:00:00]} 5. Re1 {[%emt 0:00:30]} Nf6 {[%emt 0:00:00]} 6. Nc3 {[%emt 0:00:30]} O-O {[%emt 0:01:30]} 7. e5 {[%emt 0:01:30]} Ne8 {[%emt 0:00:00]} 8. d3 {[%emt 0:00:00]} Nc7 {[%emt 0:01:00]} 9. a4 {[%emt 0:01:00]} Ne6 {[%emt 0:17:30]} 10. h3 {[%emt 0:06:30]} Ned4 {[%emt 0:12:30]} 11. Bf4 {[%emt 0:08:30]} f6 {[%emt 0:07:30]} 12. exf6 {[%emt 0:27:30]} Bxf6 {[%emt 0:15:30]} 13. Nd5 {[%emt 0:12:30]} Nxf3+ {[%emt 0:14:30]} 14. Qxf3 {[%emt 0:00:30]} Bxb2 {[%emt 0:03:30]} 15. Bxc6 {[%emt 0:04:30]} dxc6 {[%emt 0:02:30]} 16. Nxe7+ {[%emt 0:01:30]} Kh8 {[%emt 0:03:03]} 17. d4 {[%emt 0:06:30]} Bxd4 {[%emt 0:09:01]} 18. Rad1 {[%emt 0:00:00]} Rf6 {[%emt 0:01:14]} 19. c3 {[%emt 0:11:02]} Qf8 {[%emt 0:01:00]} 20. Rxd4 {[%emt 0:01:53]} cxd4 {[%emt 0:01:10]} 21. Be5 {[%emt 0:00:06]} Kg7 {[%emt 0:00:26]} 22. Bxd4 {[%emt 0:00:54]} c5 {[%emt 0:01:50]} 23. Bxf6+ {[%emt 0:01:25]} Qxf6 {[%emt 0:00:01]} 24. Qe4 {[%emt 0:01:29]} Bd7 {[%emt 0:03:53]} 25. Nd5 {[%emt 0:02:34]} Qf7 {[%emt 0:02:50]} 26. Qe5+ {[%emt 0:00:05]} Kh6 {[%emt 0:00:00]} 27. Re4 {[%emt 0:01:14]} g5 {[%emt 0:00:52]} 28. h4 {[%emt 0:00:44]} Bf5 {[%emt 0:00:37]} 29. g4 {[%emt 0:01:16]} Rd8 {[%emt 0:00:31]} 30. Ne3 {[%emt 0:00:13]} 1-0

[Event "Turkish Super League 2019"]
[Site "Konya"]
[Date "2019.07.21"]
[Round "6"]
[White "Aydin, Hakan Arda"]
[Black "Eren, Ataberk"]
[Result "0-1"]
[WhiteElo "1956"]
[BlackElo "2295"]
[Annotator "NA"]
[PlyCount "84"]
[EventDate "2019.07.17"]
[EventType "team-tourn"]
[EventCountry "TUR"]
[SourceTitle "playchess.com"]
[Source "ChessBase"]
[SourceQuality "1"]
[TimeControl "40/5400+30:1800+30"]

1. e4 {[%emt 0:00:30]} e6 {[%emt 0:00:30]} 2. d4 {[%emt 0:00:30]} d5 {[%emt 0:00:00]} 3. Nd2 {[%emt 0:00:00]} c5 {[%emt 0:00:00]} 4. exd5 {[%emt 0:00:00]} exd5 {[%emt 0:00:00]} 5. Ngf3 {[%emt 0:01:30]} a6 {[%emt 0:00:00]} 6. Be2 {[%emt 0:02:30]} Nc6 {[%emt 0:00:30]} 7. O-O {[%emt 0:01:30]} cxd4 {[%emt 0:03:30]} 8. Nb3 {[%emt 0:02:30]} Nf6 {[%emt 0:00:30]} 9. Re1 {[%emt 0:03:30]} Be7 {[%emt 0:00:00]} 10. Nbxd4 {[%emt 0:00:30]} O-O {[%emt 0:00:00]} 11. c3 {[%emt 0:03:30]} h6 {[%emt 0:02:30]} 12. Bf4 {[%emt 0:04:30]} Bc5 {[%emt 0:02:30]} 13. Qb3 {[%emt 0:09:30]} Qb6 {[%emt 0:34:30]} 14. Qxb6 {[%emt 0:02:30]} Bxb6 {[%emt 0:03:30]} 15. Bd3 {[%emt 0:00:30]} Bd7 {[%emt 0:07:30]} 16. Rad1 {[%emt 0:11:30]} Rfe8 {[%emt 0:01:30]} 17. Nf5 {[%emt 0:07:30]} Rxe1+ {[%emt 0:10:30]} 18. Rxe1 {[%emt 0:00:00]} Nh5 {[%emt 0:12:13]} 19. Bd6 {[%emt 0:06:00]} Bxf5 {[%emt 0:03:44]} 20. Bxf5 {[%emt 0:00:00]} g6 {[%emt 0:00:00]} 21. Bc2 {[%emt 0:04:00]} Rd8 {[%emt 0:00:00]} 22. Ba3 {[%emt 0:00:30]} d4 {[%emt 0:02:46]} 23. cxd4 {[%emt 0:02:30]} Nxd4 {[%emt 0:00:25]} 24. Nxd4 {[%emt 0:00:30]} Rxd4 {[%emt 0:00:04]} 25. Rd1 {[%emt 0:00:30]} Rf4 {[%emt 0:00:10]} 26. Rd2 {[%emt 0:00:30]} Nf6 {[%emt 0:01:42]} 27. Bd6 {[%emt 0:06:30]} Rc4 {[%emt 0:00:34]} 28. b3 {[%emt 0:08:30]} Rc6 {[%emt 0:00:20]} 29. Ba3 {[%emt 0:01:30]} Ng4 {[%emt 0:01:16]} 30. Bd1 {[%emt 0:01:30]} Nxf2 {[%emt 0:10:19]} 31. Rxf2 {[%emt 0:04:14]} Rf6 {[%emt 0:00:03]} 32. Bf3 {[%emt 0:00:43]} g5 {[%emt 0:00:05]} 33. Bb2 {[%emt 0:02:48]} Rf5 {[%emt 0:00:04]} 34. Kf1 {[%emt 0:00:34]} Bxf2 {[%emt 0:00:04]} 35. Kxf2 {[%emt 0:02:50]} g4 {[%emt 0:00:04]} 36. Kg3 {[%emt 0:01:14]} gxf3 {[%emt 0:00:06]} 37. gxf3 {[%emt 0:00:04]} Rg5+ {[%emt 0:00:05]} 38. Kf2 {[%emt 0:00:00]} Rc5 {[%emt 0:00:04]} 39. Ke3 {[%emt 0:01:02]} Rc2 {[%emt 0:00:03]} 40. Be5 {[%emt 0:00:00]} Rxa2 {[%emt 0:00:00]} 41. Kd4 {[%emt 0:01:01]} Rb2 {[%emt 0:02:49]} 42. Kc4 {[%emt 0:00:30]} Rf2 {[%emt 0:00:00]} 0-1

[Event "Turkish Super League 2019"]
[Site "Konya"]
[Date "2019.07.21"]
[Round "6"]
[White "Ayan, Bengu Sena"]
[Black "Erdogan, Anil Berk"]
[Result "0-1"]
[WhiteElo "1885"]
[BlackElo "2116"]
[Annotator "NA"]
[PlyCount "88"]
[EventDate "2019.07.17"]
[EventType "team-tourn"]
[EventCountry "TUR"]
[SourceTitle "playchess.com"]
[Source "ChessBase"]
[SourceQuality "1"]
[TimeControl "40/5400+30:1800+30"]

1. d4 Nf6 2. c4 c5 3. d5 e6 4. Nc3 exd5 5. cxd5 d6 6. Nf3 g6 7. Bf4 a6 8. Nd2 b5 9. a4 Nh5 10. Be3 b4 11. Nce4 f5 12. g4 Nf6 13. gxf5 Nxe4 14. Nxe4 Bxf5 15. Ng3 Qf6 16. Qd2 Bg7 17. Nxf5 Qxf5 18. Bg2 O-O 19. O-O Nd7 20. f3 Nb6 21. Bh6 Bxh6 22. Qxh6 Nxd5 23. Qd2 Nf4 24. e3 Nxg2 25. Qxg2 Qe5 26. Qd2 Rfe8 27. e4 a5 28. Rad1 Rad8 29. b3 d5 30. exd5 Qe3+ 31. Kh1 Qxb3 32. d6 Qf7 33. Qg5 Qf5 34. Qh4 Rd7 35. Qc4+ Kg7 36. Rd5 Re5 37. Rd3 Qe6 38. Qa6 c4 39. Rd4 c3 40. Qc6 Re2 {[%emt 1:20:00]} 41. Qb5 {[%emt 1:52:30]} Rd2 {[%emt 0:45:34]} 42. Rd1 {[%emt 0:03:30]} Rxd1+ {[%emt 0:02:06]} 43. Rxd1 {[%emt 0:00:30]} c2 {[%emt 0:00:24]} 44. Rc1 {[%emt 0:00:30]} Qxd6 {[%emt 0:00:13]} 0-1

[Event "Turkish Super League 2019"]
[Site "Konya"]
[Date "2019.07.23"]
[Round "7"]
[White "Tomashevsky, Evgeny"]
[Black "Alekseenko, Kirill"]
[Result "1-0"]
[WhiteElo "2702"]
[BlackElo "2650"]
[Annotator "TA"]
[PlyCount "31"]
[EventDate "2019.07.17"]
[EventType "team-tourn"]
[EventCountry "TUR"]
[SourceTitle "playchess.com"]
[Source "ChessBase"]
[SourceQuality "1"]

{[%evp 9,81,39,50,50,45,52,53,24,40,40,42,38,46,58,169,155,155,161,166,175,172,175,175,175,175,171,181,177,155,165,201,200,251,250,276,257,251,248,248,247,286,286,282,261,353,249,249,0,360,342,314,250,368,355,400,387,494,516,549,545,508,345,341,332,387,384,416,402,431,356,412,0,397,384]} 1. d4 Nf6 2. c4 e6 3. Nf3 d5 4. Nc3 dxc4 5. e4 b5 (5... Bb4 6. Bxc4 Nxe4 7. O-O Nf6 8. Qa4+ Nc6 9. Ne5 Rb8 10. d5 exd5 11. Nxd5 Nxd5 12. Nxc6 bxc6 13. Qxc6+ Qd7 14. Qxd5 {½-½ (31) Mamedyarov,S (2817)-Caruana,F (2832) Germany 2019}) 6. e5 {D24: Queen's Gambit Accepted: 3 Nf3 Nf6 4 Nc3} Nd5 7. Nxb5 Nb6 8. a4 {[%cal Ba2a4,Ba4a5,Ba5b6][%mdl 32] White is slightly better.} Nc6 $146 ({Predecessor:} 8... a6 9. Nc3 a5 10. Be2 Be7 11. Be3 Nc6 12. O-O Bb7 13. Qb1 {½-½ (56) Damljanovic,B (2486)-Gorodetzky,D (2461) Novi Sad 2019}) 9. a5 Ba6 10. Na3 Bb4+ 11. Bd2 {Strongly threatening Bxb4.} c3 (11... Nd5 $14) 12. bxc3 $18 Bxf1 13. axb6 (13. Rxf1 $6 Bxa3 14. axb6 (14. Rxa3 Nc4 $11) 14... axb6 $11) 13... Bxg2 14. Rg1 Bxf3 15. Qxf3 Nxd4 16. cxd4 {Played: Qf3-e4} 1-0

[Event "Turkish Super League 2019"]
[Site "Konya"]
[Date "2019.07.23"]
[Round "7"]
[White "Inarkiev, Ernesto"]
[Black "Iljiushenok, Ilia"]
[Result "1-0"]
[WhiteElo "2693"]
[BlackElo "2520"]
[Annotator "TA"]
[PlyCount "59"]
[EventDate "2019.07.17"]
[EventType "team-tourn"]
[EventCountry "TUR"]
[SourceTitle "playchess.com"]
[Source "ChessBase"]
[SourceQuality "1"]

{[%evp 17,59,38,33,6,32,23,31,16,69,55,55,37,29,45,37,26,127,129,138,124,126,127,313,306,398,405,404,389,383,366,830,836,824,808,765,797,1049,1034,1281,1262,1252,1218,1384,1386]} 1. d4 Nf6 2. c4 g6 3. Nc3 Bg7 4. e4 d6 5. Nf3 O-O 6. Be2 e5 7. O-O Nc6 8. d5 Ne7 9. b4 {[%cal Bb2b4,Bb4b5][%mdl 32]} Nh5 10. a4 {E97: King's Indian: Classical Main Line (6...e5 7 0-0 Nc6): 8 Be3 and 8 d5 Ne7, not 9 Ne1} (10. Re1 Nf4 11. Bf1 h6 12. c5 g5 13. Nd2 f5 14. Nc4 g4 15. cxd6 cxd6 16. Nb5 Rf6 17. Bxf4 exf4 18. e5 dxe5 19. Nxe5 a6 20. Nd4 Kh7 {½-½ (34) Matlakov,M (2730)-Mamedov,R (2678) Antalya 2017}) 10... Nf4 11. c5 f5 12. Bc4 {White is slightly better.} Kh8 (12... fxe4 $11 13. Nxe4 Bg4) 13. Ra3 $14 a5 $146 ({Predecessor:} 13... fxe4 14. Nxe4 Bg4 15. h3 Bf5 16. Re1 Qd7 17. Nfg5 Bxe4 18. Nxe4 h6 {½-½ (41) Zhigalko,A (2628)-Khanin,S (2299) Pavlodar 2013}) 14. b5 fxe4 15. Nxe4 dxc5 16. Re1 b6 (16... Nf5 $11) 17. d6 Nf5 18. Bxf4 $1 exf4 {[#]} 19. Rd3 $1 cxd6 $2 (19... Nd4 $16 {might work better.}) 20. Nxd6 $18 {Strongly threatening Nf7+.} Nxd6 21. Rxd6 Qc7 22. Rc6 Qa7 23. Qd6 Qb8 $2 (23... Qd7 24. Qxd7 (24. Rxb6 Qxd6 25. Rxd6 Bf5 $16) 24... Bxd7) 24. Rc7 {White is clearly winning.} Ra7 {[#]} 25. Ree7 $1 {[%csl LRa7,LRg7][%mdl 512] White wants to mate with Qe5!} Rxc7 26. Rxc7 Re8 27. Bf7 Bg4 28. Bxe8 Qxe8 29. Rb7 Bf8 30. Qc7 {Accuracy: White = 87%, Black = 23%.} 1-0

[Event "Turkish Super League 2019"]
[Site "Konya"]
[Date "2019.07.23"]
[Round "7"]
[White "Saric, Ivan"]
[Black "Dimitrov, Radoslav"]
[Result "1-0"]
[WhiteElo "2681"]
[BlackElo "2530"]
[Annotator "TA"]
[PlyCount "77"]
[EventDate "2019.07.17"]
[EventType "team-tourn"]
[EventCountry "TUR"]
[SourceTitle "playchess.com"]
[Source "ChessBase"]
[SourceQuality "1"]

{[%evp 9,77,46,54,60,59,37,53,52,62,18,69,64,87,84,61,54,64,64,67,70,70,74,81,75,85,78,83,82,140,135,212,218,218,212,219,248,214,217,247,235,302,105,200,194,215,208,219,197,240,250,240,249,266,270,279,297,289,295,281,272,262,227,348,348,333,318,301,291,765,689]} 1. e4 b6 2. d4 Bb7 3. Bd3 Nc6 4. c3 e5 5. Nf3 (5. d5 Nce7 6. Ne2 Ng6 7. Nd2 c6 8. c4 Nf6 9. O-O Qc7 10. Nf3 Bc5 11. Ng3 O-O 12. Nf5 h6 {½-½ (34) Kreuzfahrtschiff (2667)-WindPower (2502) playchess.com INT 2007}) 5... exd4 6. cxd4 {B00: Queen's Fianchetto Defence, Nimzowitsch Defence} Nb4 7. O-O {aiming for Bc4.} (7. Bc4 {with more complications.} d5 8. exd5 Bxd5 9. Be2 Bb7 10. a3) 7... Nxd3 8. Qxd3 {White is slightly better.} Nf6 9. Nc3 Be7 ({Black should try} 9... d5 $1 $11) 10. d5 $14 d6 11. Nd4 O-O $146 ({Predecessor:} 11... g6 12. h3 Nd7 {1-0 (30) Debashis,D (2478)-Straub,H (1933) Bad Wiessee 2016}) 12. Nf5 Nd7 13. Qg3 {[%csl Gf5][%cal Rg3g7]} (13. Nxe7+ Qxe7 14. Bd2 Ne5 $11) 13... g6 14. Nxe7+ Qxe7 15. Re1 Ba6 16. h4 Rfe8 17. Be3 Qe5 18. f4 Qh5 (18... Qg7 $142) 19. Bd4 $16 f5 (19... Re7 $16) 20. e5 $1 $18 Nc5 21. Re3 Ne4 22. Nxe4 fxe4 23. Rc1 (23. Rxe4 $6 Bc4 $16) 23... Re7 24. Rec3 $1 ({Less strong is} 24. Rxe4 Bb7 $14) 24... Rf8 25. Kh2 $2 (25. Ra3 $1 $18 {[%cal Ra3a6] and the rest is easy.} Qe2 26. Qg5 dxe5 27. fxe5 (27. Qxe7 exd4 28. Rxc7 Qf1+ {[%mdl 64] Double Attack} 29. Kh2 Qxf4+ 30. Rg3 Qf7 $18)) 25... Ref7 (25... Qh6 $16 {was called for.}) 26. Be3 c5 27. dxc6 d5 28. Qg5 Rc7 29. Qxh5 gxh5 {[#]} 30. a4 $1 Kf7 31. f5 Ke7 32. a5 Rxf5 33. axb6 axb6 34. Bxb6 Rc8 35. Bd4 Rf1 {[#]} (35... Rf4 {might work better.} 36. Ra1 Bc4) 36. Rxf1 $1 Bxf1 37. Rc5 Rg8 38. c7 ({Resist} 38. Rxd5 $6 Rxg2+ 39. Kh1 Rg6 $18) 38... Kd7 $2 {[#]} (38... Rc8 39. b4 Kd7 40. Rxd5+ Kxc7) 39. c8=Q+ $1 {[%mdl 512] Accuracy: White = 80%, Black = 40%.} 1-0

[Event "Turkish Super League 2019"]
[Site "Konya"]
[Date "2019.07.23"]
[Round "7"]
[White "Kuzubov, Yuriy"]
[Black "Demchenko, Anton"]
[Result "1-0"]
[WhiteElo "2671"]
[BlackElo "2665"]
[Annotator "TA"]
[PlyCount "89"]
[EventDate "2019.07.17"]
[EventType "team-tourn"]
[EventCountry "TUR"]
[SourceTitle "playchess.com"]
[Source "ChessBase"]
[SourceQuality "1"]

{[%evp 14,89,20,27,32,1,14,19,5,8,15,2,0,-16,17,25,33,24,28,0,46,13,19,0,19,-2,0,-20,-10,-9,-4,-8,-11,-9,0,0,0,0,0,0,25,0,39,23,24,35,37,14,22,25,33,8,106,87,208,209,307,131,136,134,156,164,372,363,725,723,713,670,1382,1502,29968,29970,29970,29970,6633,6697,2745,2519]} 1. d4 Nf6 2. Nf3 g6 3. g3 Bg7 4. Bg2 O-O 5. O-O d6 6. Re1 Nbd7 7. e4 e5 8. Nc3 b6 {B07: Pirc Defence: Miscellaneous Systems} 9. d5 a5 10. a3 $146 ({Predecessor:} 10. Nd2 Nc5 11. Nc4 Ba6 12. Bf1 Qd7 13. a3 h5 14. f3 Nh7 15. Bd2 Qd8 16. b4 Nd7 17. bxa5 Bxc4 18. Bxc4 Rxa5 19. a4 {½-½ (19) Turov,M (2584)-Demchenko,A (2661) Fagernes 2019}) 10... Nc5 {The position is equal.} 11. Bg5 Qe8 12. Bf1 Bd7 13. Nd2 Kh8 14. b4 Nb7 15. Qe2 Qc8 16. Qc4 Ne8 17. Nf3 f6 18. Bd2 Nd8 19. Nh4 Nf7 20. bxa5 Rxa5 21. a4 Bh6 22. Nf3 f5 23. exf5 Bxf5 24. Nb5 Bxd2 25. Nxd2 Ra8 26. Ra3 Bd7 27. Qh4 Ng7 28. Rc3 $36 {[%mdl 2048] White is pushing.} Bxb5 29. Bxb5 Nf5 30. Qf6+ Kg8 31. Ne4 Ra7 32. f4 exf4 (32... Nd8 $11 {keeps the balance.} 33. Qg5 Nf7) 33. gxf4 $16 Qd8 (33... Nh8 $16 34. Qg5 h6) 34. Rh3 $18 N7h6 {[#]} (34... c5 {was worth a try.} 35. dxc6 d5) 35. Qxd8 (35. Qe6+ $1 $18 {is the precise move to win.} Kg7 36. Ng5) 35... Rxd8 $16 {[#]} 36. Ng5 $1 Nf7 {intending ...Nxg5.} 37. Nxh7 Nd4 $2 (37... Kg7) 38. Be8 $18 Kg7 $2 (38... c6 39. dxc6 Kg7) 39. Bxf7 Kxf7 40. Ng5+ Kf6 {[#]} 41. Rh7 $1 {[%csl Gg5][%cal Rh7f7]} Kf5 42. Rf7+ Kg4 43. h3+ Kh4 44. Kg2 {[%cal Rf7h7]} Rh8 {[#]} 45. Ree7 $1 {Accuracy: White = 50%, Black = 37%.} 1-0

[Event "Turkish Super League 2019"]
[Site "Konya"]
[Date "2019.07.23"]
[Round "7"]
[White "Durarbayli, Vasif"]
[Black "Sanal, Vahap"]
[Result "0-1"]
[WhiteElo "2637"]
[BlackElo "2520"]
[Annotator "TA"]
[PlyCount "80"]
[EventDate "2019.07.17"]
[EventType "team-tourn"]
[EventCountry "TUR"]
[SourceTitle "playchess.com"]
[Source "ChessBase"]
[SourceQuality "1"]

{[%evp 13,80,8,22,23,7,8,15,12,25,0,0,-6,9,-10,0,-8,0,-2,0,0,22,10,10,9,9,9,12,0,12,11,13,0,0,-7,-2,-16,-3,-46,-36,-60,-62,-86,-93,-102,-56,-58,-8,-12,-19,-9,0,-6,0,-43,-38,-50,-28,-91,-53,-506,-504,-506,-497,-497,-499,-29986,-29987,-29997,-29998]} 1. d4 Nf6 2. c4 e6 3. Nf3 b6 4. g3 Bb7 5. Bg2 Be7 6. Nc3 Ne4 7. Bd2 d6 8. Qc2 {E17: Queen's Indian: 4 g3 Bb7 5 Bg2 Be7} Nxd2 9. Qxd2 Nd7 10. O-O {The position is equal.} O-O 11. Qc2 c6 $146 ({Predecessor:} 11... g6 12. e4 c5 13. d5 exd5 14. Nxd5 {½-½ (14) Mitenkov,A (2450)-Balashov,Y (2510) Moscow 1997}) 12. e4 a6 13. Rad1 Qc7 14. Rd2 Bf6 15. Rfd1 Rfd8 16. h4 b5 17. d5 cxd5 18. exd5 Bxc3 19. Qxc3 {Threatens to win with dxe6.} e5 20. Rc2 Rac8 {[%cal Rb5c4]} 21. Nd2 f5 22. Rdc1 Nf6 23. b3 Qb6 24. Qf3 g6 25. Bh3 Rf8 26. a3 Rc7 27. Nf1 bxc4 28. bxc4 a5 29. Nd2 Rfc8 30. Rb1 Qd4 $36 {[%cal Rb7d5][%mdl 2048] aiming for ...Bxd5! Black is pushing.} 31. Rcb2 Ba6 32. Bf1 a4 33. Rb6 {Strongly threatening Qe3.} Qxd2 34. Rxa6 Ne4 35. Rb4 (35. Rc6 $11 {remains equal.}) 35... Qc1 $17 {[%cal Rc7c4]} 36. Raxa4 $2 {[%mdl 8192] [#]} (36. Qe2 $15) 36... Nd2 $1 $19 {[%mdl 512]} 37. Qe2 f4 38. gxf4 exf4 {Hoping for ...Re7!} 39. f3 {[#]} (39. c5 $19 f3 40. Qe6+ Kh8 41. Qh3) 39... Re7 $1 {[%mdl 512]} 40. Rb1 (40. Qxe7 Qxf1+) 40... Rxe2 {Accuracy: White = 38%, Black = 62%.} 0-1

[Event "Turkish Super League 2019"]
[Site "Konya"]
[Date "2019.07.23"]
[Round "7"]
[White "Yilmaz, Mustafa"]
[Black "Soysal, Serkan"]
[Result "1-0"]
[WhiteElo "2618"]
[BlackElo "2431"]
[Annotator "TA"]
[PlyCount "123"]
[EventDate "2019.07.17"]
[EventType "team-tourn"]
[EventCountry "TUR"]
[SourceTitle "playchess.com"]
[Source "ChessBase"]
[SourceQuality "1"]

{[%evp 15,123,31,25,31,33,22,20,17,22,19,24,29,17,12,0,11,35,22,22,0,11,0,0,0,15,15,6,14,51,50,36,28,29,28,55,45,39,31,68,63,64,57,59,66,74,65,74,71,76,64,97,79,109,111,119,127,193,182,184,176,266,276,266,268,265,222,224,214,308,297,288,299,300,307,304,304,326,330,455,379,467,470,484,474,472,471,554,548,508,446,429,429,427,426,549,522,521,535,512,478,561,553,544,529,589,571,744,704,758,620]} 1. d4 d5 2. c4 c6 3. Nc3 Nf6 4. e3 Bf5 5. Nf3 e6 6. Nh4 Be4 7. f3 Bg6 8. Qb3 Qc7 9. Bd2 {D12: Slav Defence: 3 Nf3 Nf6 4 e3 Bf5} Be7 10. cxd5 $146 (10. Nxg6 hxg6 11. O-O-O Nbd7 12. Kb1 dxc4 13. Bxc4 b5 14. Be2 a6 15. Ne4 c5 16. Nxc5 Nxc5 17. dxc5 Qxc5 {½-½ (45) Vidit,S (2664)-Korobov,A (2756) Hengshui 2019}) 10... cxd5 11. Nxg6 {The position is equal.} hxg6 12. O-O-O Nc6 13. Kb1 a6 14. Rc1 Rc8 15. Bd3 Nd7 16. Ne2 Qb6 17. Qa4 Qa7 18. Qd1 b5 19. a4 O-O 20. axb5 axb5 21. Bxb5 Rb8 (21... Qb8 $5 {[%cal Rb8b5]} 22. Qa4 (22. Bxc6 Ba3 $17) 22... Nb6 $14) 22. Qa4 $1 Nb6 23. Qa6 $36 {[%mdl 2048] White is more active.} Qxa6 24. Bxa6 Nb4 25. Bxb4 Bxb4 26. Kc2 Ra8 27. Ra1 Ra7 {[#] aiming for ...Rfa8.} 28. Bb5 Rc7+ 29. Kd3 Rb8 30. Rhc1 Rxc1 31. Rxc1 Nc8 32. Ba4 Nd6 33. b3 Nb7 34. Rc6 Na5 35. Ra6 Be1 (35... Nb7 $16 36. Rb6 Bd6) 36. Kc2 Bb4 37. Kd1 Rc8 (37... Kf8 {keeps fighting.} 38. Nc1 Nb7) 38. Nc1 $18 Nb7 39. Rb6 Ba3 {[#]} 40. Nd3 $1 (40. Rxb7 Rxc1+ 41. Kd2 Kf8 $16) 40... Nd6 41. g4 Kf8 (41... Ra8 $142 42. Bc6 Ra7) 42. Bc6 Ke7 43. Ra6 g5 44. Bxd5 ({Less strong is} 44. Rxa3 Rxc6 45. Nc5 Rc8 $16) 44... exd5 45. Rxa3 {[%mdl 4096] Endgame KRN-KRN} Rh8 46. Ra7+ Ke6 47. Nc5+ Kf6 48. Rd7 {White is clearly winning.} Nb5 49. Kd2 Rxh2+ 50. Kd3 Na3 {If Black can now play ...Nc2 this consolidates a bit.} 51. Rxd5 Nc2 {and the idea ...Nb4+ leaves Black hopeful.} 52. Ne4+ Ke6 53. Re5+ Kd7 54. Nc5+ Kd6 55. Rxg5 Ne1+ 56. Ke4 g6 57. Nd3 Nc2 58. Rd5+ Ke7 59. Nf4 Rf2 60. Ra5 Ne1 61. Nd5+ Kf8 62. f4 {Accuracy: White = 87%, Black = 43%.} 1-0